00771cam a2200229 a 450000100100000000500170001000800410002702000150006804000230008308200180010610000380012424500420016226000320020430000210023649000230025765000290028065000310030983000310034091000340037195201210040599900150052600000981920200929161722.0840723s1983 sp 001 p spa  a8437603846 aDO-SdBNPcDLCdDLC a861.64bH557p1 aHernández, Mario,d1945-92165610aPara bien morir /cMario Hernández. aMadrid :bCátedra,c1983. a148 p. ;c21 cm.1 aPoesía/Cátedra 4aPoesía española9631 4aLiteratura española9632 0aPoesía/Cátedra.924725 aCatalogación por copia / LC 001052708MOaGRbGRcCTd2009-10-01iLF1l0o861.64 H557pp9819-10r2020-06-25w2020-06-25y2ZPréstamo interno c9578d9578